000 00798cam a2200229 i 4500
999 _c113344
_d113344
001 18531018
005 20190726114036.0
008 150318r2013 nju b 001 0 eng
020 _a9780691158044
040 _cPK-LaUMT
082 0 0 _a320.962
_222
_bRUT-E
100 1 _aby Rutherford, Bruce K
245 1 0 _aEgypt after Mubarak :
_bliberalism, Islam, and democracy in the Arab world /
_cby Bruce K. Rutherford ; with a new introduction by the author
260 _aPrinceton :
_bPrinceton University Press,
_c2008
300 _axlviii, 292 p. ;
_c25 cm.
490 1 _aPrinceton studies in Muslim politics
650 0 _aIslam and politics
_zEgypt
_xForecasting.
650 0 _aDemocracy
_zEgypt.
650 0 _aLiberalism
_zEgypt.
650 0 _aLawyers
_xPolitical activity
_zEgypt.
942 _cBK